000 00503 a2200181 4500
003 IN-BaIIA
005 20250829140858.0
008 250829b |||||||| |||| 00| 0 eng d
020 _a978-3-030-50576-9
040 _cIIA Library
080 _a523.64
_bTHO
100 _aThomas, Nicolas
_949270
245 _aAn introduction to comets
_bpost - rosetta perspectives
_cNicolas Thomas
260 _bSpringer
_c2020
_aSwitzerland
300 _axli, 503p.
500 _aindex given; ill.
942 _2ddc
_cBK
999 _c36109
_d36109